000 00526nmm a2200157Ia 4500
008 251105s9999||||xx |||||||||||||||||und||
020 _a9789587380361
041 _aspa
100 _aVarios autores
245 0 _aItinerario de la jurisprudencia colombiana de control constitucional como mecanismo de protección de Derechos Humanos
264 _a[Bogotá, Colombia] :
_bUniversidad del Rosario,
_c2009
300 _a596 páginas
650 _aLaw
856 _uhttps://public.digitaliapublishing.com/a/18386
942 _cCF
999 _c95656
_d95656